[Event "Martorell op 35th"]
[Site "Martorell"]
[Date "2017.11.11"]
[Round "8"]
[White "Hernando Rodrigo, Inmaculada"]
[Black "Sanchez Martin, Marc"]
[Result "1-0"]
[WhiteElo "1836"]
[BlackElo "1769"]
[PlyCount "41"]
[EventDate "2017.09.16"]
[EventType "swiss"]
[EventRounds "9"]
[EventCountry "ESP"]
[SourceTitle "CBM 189 Extra"]
[Source "ChessBase"]
[SourceDate "2019.06.03"]
[SourceVersion "1"]
[SourceVersionDate "2019.06.03"]
[SourceQuality "1"]

1. e4 e5 2. Nf3 Nc6 3. Bb5 f5 4. 0-0 fxe4 5. Bxc6 dxc6 6. Nxe5 Qd4 7. Ng4 h5 8. Ne3 Bd6 9. Nc3 Nf6 10. Ne2 Qe5 11. g3 g5 12. d4 Qe6 13. f4 exf3 14. Rxf3 g4 15. Nf5 Kf7 16. Nxd6+ Qxd6 17. Bf4 Qd5 18. Rf2 Ne4 19. Rf1 Be6 20. Be5+ Ke7 21. Nf4 1-0

[Event "Igualada op 12th"]
[Site "Igualada"]
[Date "2017.01.14"]
[Round "1"]
[White "Hernando Rodrigo, Inmaculada"]
[Black "Gil Fernandez, Lluis Antoni"]
[Result "1-0"]
[WhiteElo "1894"]
[BlackElo "1702"]
[PlyCount "42"]
[EventDate "2017.01.14"]
[EventType "swiss"]
[EventRounds "8"]
[EventCountry "ESP"]
[SourceTitle "EXT 2018"]
[Source "ChessBase"]
[SourceDate "2017.10.13"]
[SourceVersion "1"]
[SourceVersionDate "2017.10.13"]
[SourceQuality "1"]

1. e4 e5 2. Nf3 Nc6 3. Bb5 Nge7 4. 0-0 a6 5. Ba4 g6 6. d4 Bg7 7. dxe5 Nxe5 8. Nxe5 Bxe5 9. Nc3 Bg7 10. Bg5 c6 11. Qd6 h6 12. Bf6 Bxf6 13. Qxf6 Rg8 14. Bb3 Rf8 15. Rad1 d5 16. exd5 Bg4 17. Rde1 cxd5 18. Nxd5 Be6 19. Nf4 Ng8 20. Rxe6+ fxe6 21. Qxg6+ Rf7 1-0

[Event "Martorell op 34th"]
[Site "Martorell"]
[Date "2016.10.22"]
[Round "6"]
[White "Torrents Busquet, Marti"]
[Black "Hernando Rodrigo, Inmaculada"]
[Result "1-0"]
[WhiteElo "1900"]
[BlackElo "1925"]
[PlyCount "125"]
[EventDate "2016.09.17"]
[EventType "swiss"]
[EventRounds "9"]
[EventCountry "ESP"]
[SourceTitle "EXT 2018"]
[Source "ChessBase"]
[SourceDate "2017.10.13"]
[SourceVersion "1"]
[SourceVersionDate "2017.10.13"]
[SourceQuality "1"]

1. e4 c5 2. Nf3 Nc6 3. Bb5 d6 4. 0-0 Bd7 5. Re1 e5 6. c3 a6 7. Bxc6 bxc6 8. h3 Nf6 9. d4 cxd4 10. cxd4 Qc7 11. Nc3 Be7 12. Qc2 0-0 13. Bg5 Rac8 14. Rad1 h6 15. dxe5 dxe5 16. Bh4 Be6 17. Bg3 Nd7 18. Rc1 Bd6 19. Qe2 Qa5 20. a3 Rfd8 21. Red1 Nb6 22. Nd2 Na4 23. b4 Nxc3 24. Rxc3 Qa4 25. Rdc1 Qb5 26. Qxb5 cxb5 27. Rxc8 Rxc8 28. Rxc8+ Bxc8 29. Kf1 a5 30. bxa5 Bxa3 31. Bxe5 Bc5 32. f3 b4 33. Ke1 Ba6 34. Kd1 f6 35. Bb2 Kf7 36. Kc2 Ke6 37. Kb3 Kd6 38. Nc4+ Kc6 39. Bc1 Bd4 40. Kxb4 Bf2 41. Bd2 Bc5+ 42. Kb3 Bd4 43. Bb4 h5 44. f4 g5 45. fxg5 fxg5 46. Be7 g4 47. hxg4 hxg4 48. Bb4 Bc8 49. Bc3 Kc5 50. Bxd4+ Kxd4 51. Kb4 Ba6 52. Nd2 g3 53. Nb3+ Ke5 54. Nc5 Bf1 55. a6 Bxa6 56. Nxa6 Kxe4 57. Nc5+ Ke3 58. Ne6 Kf2 59. Nf4 Ke3 60. Ng6 Kf2 61. Nh4 Ke3 62. Kc3 Kf2 63. Kd4 1-0

[Event "ESP-ch (Women)"]
[Site "Linares"]
[Date "2015.08.15"]
[Round "1"]
[White "Matnadze, Ana"]
[Black "Hernando Rodrigo, Inmaculada"]
[Result "1-0"]
[WhiteElo "2368"]
[BlackElo "1999"]
[PlyCount "61"]
[EventDate "2015.08.15"]
[EventType "swiss"]
[EventRounds "9"]
[EventCountry "ESP"]
[SourceTitle "EXT 2016"]
[Source "ChessBase"]
[SourceDate "2015.10.08"]
[SourceVersion "1"]
[SourceVersionDate "2015.10.08"]
[SourceQuality "1"]

1. d4 Nf6 2. Nf3 c6 3. c4 d5 4. Qb3 dxc4 5. Qxc4 Qd5 6. Qxd5 cxd5 7. Nc3 e6 8. Bf4 Bd7 9. e3 Be7 10. Bd3 0-0 11. Ke2 Nc6 12. a3 a6 13. Nd2 Rac8 14. Nb3 Nh5 15. Bg3 f5 16. f4 Nf6 17. Bh4 Nd8 18. h3 Rf7 19. g4 Ne4 20. Bxe4 dxe4 21. Bxe7 Rxe7 22. Rac1 b6 23. d5 Nb7 24. Nd4 Nc5 25. gxf5 exf5 26. d6 Ree8 27. Nd5 Nd3 28. Rxc8 Bxc8 29. Nxb6 Nxb2 30. Rc1 Kh8 31. Ra1 1-0

[Event "Catalunya-ch (Women) 73rd"]
[Site "Platja d'Aro"]
[Date "2015.04.05"]
[Round "4"]
[White "Hernando Rodrigo, Inmaculada"]
[Black "Riera Morilla, Elizabeth"]
[Result "0-1"]
[WhiteElo "2101"]
[BlackElo "2173"]
[PlyCount "32"]
[EventDate "2015.04.03"]
[EventType "swiss"]
[EventRounds "5"]
[EventCountry "CAT"]
[SourceTitle "CBM 165 Extra"]
[Source "ChessBase"]
[SourceDate "2015.04.21"]
[SourceVersion "1"]
[SourceVersionDate "2015.04.21"]
[SourceQuality "1"]

1. e4 c5 2. Nf3 Nc6 3. d4 cxd4 4. Nxd4 g6 5. Nc3 Bg7 6. Be3 Nf6 7. Be2 0-0 8. Qd2 d5 9. exd5 Nxd5 10. Nxc6 bxc6 11. Nxd5 Qxd5 12. Qxd5 cxd5 13. 0-0 Bb7 14. Bf3 Rfd8 15. Rfd1 e6 16. Rd3 Bc6 0-1

[Event "Montseny op 3rd"]
[Site "Montseny"]
[Date "2012.05.05"]
[Round "4"]
[White "Hernando Rodrigo, Inmaculada"]
[Black "Mut Company, Guillem Joan"]
[Result "1-0"]
[WhiteElo "2003"]
[BlackElo "1875"]
[PlyCount "103"]
[EventDate "2012.04.14"]
[EventType "swiss"]
[EventRounds "8"]
[EventCountry "ESP"]
[SourceTitle "CBM 148 Extra"]
[Source "ChessBase"]
[SourceDate "2012.06.22"]
[SourceVersion "1"]
[SourceVersionDate "2012.06.22"]
[SourceQuality "1"]

1. e4 c6 2. Nf3 d5 3. Nc3 Nf6 4. exd5 cxd5 5. d4 Nc6 6. Be2 Bg4 7. h3 Bxf3 8. Bxf3 e6 9. 0-0 Bd6 10. Re1 0-0 11. Ne2 Qc7 12. c3 b5 13. Bg5 Nd7 14. Nc1 b4 15. Nd3 bxc3 16. bxc3 Na5 17. Bd2 Nc4 18. Bc1 Rab8 19. a4 Qa5 20. Qc2 Rb7 21. Nb2 Ndb6 22. Nxc4 Nxc4 23. Be2 Rc8 24. Bd3 g6 25. h4 e5 26. Bxc4 Rxc4 27. dxe5 Re7 28. Bh6 Rxe5 29. Rxe5 Bxe5 30. Re1 f6 31. h5 Qxc3 32. Qd1 Qd4 33. Qb1 Rb4 34. Qc1 Qc3 35. Qd1 d4 36. Bd2 Qb2 37. Bxb4 Qxb4 38. hxg6 hxg6 39. Qb1 Qxb1 40. Rxb1 d3 41. Rd1 Kf7 42. Rxd3 Ke6 43. Kf1 f5 44. Ke2 g5 45. Rb3 Kd5 46. Ke3 Bd6 47. Rb5+ Bc5+ 48. Kd3 g4 49. f3 gxf3 50. gxf3 f4 51. a5 Kc6 52. Kc4 1-0

[Event "Catalunya-ch (Women)"]
[Site "Girona"]
[Date "2009.12.29"]
[Round "4"]
[White "Lafuente Calvillo, Andrea"]
[Black "Hernando Rodrigo, Inmaculada"]
[Result "0-1"]
[WhiteElo "1599"]
[BlackElo "2069"]
[PlyCount "104"]
[EventDate "2009.12.27"]
[EventType "swiss"]
[EventRounds "6"]
[EventCountry "ESP"]
[SourceTitle "EXT 2019"]
[Source "ChessBase"]
[SourceDate "2018.10.10"]
[SourceVersion "1"]
[SourceVersionDate "2018.10.10"]
[SourceQuality "1"]

1. e4 c5 2. Nf3 Nc6 3. d4 cxd4 4. Nxd4 Nf6 5. Nc3 e6 6. Be3 Bb4 7. Nxc6 bxc6 8. Bd3 d5 9. exd5 exd5 10. Bd2 Qe7+ 11. Qe2 Qxe2+ 12. Nxe2 Bxd2+ 13. Kxd2 0-0 14. f3 Rb8 15. b3 Bd7 16. g4 Rfe8 17. Rae1 c5 18. Ng3 Bc6 19. Nf5 Kf8 20. Rhf1 g6 21. Ng3 a5 22. g5 Nd7 23. f4 a4 24. h4 axb3 25. axb3 Rxe1 26. Rxe1 Rb4 27. Rf1 f5 28. gxf6 Kf7 29. h5 Nxf6 30. hxg6+ hxg6 31. Ke3 Rb8 32. Rg1 Rh8 33. Nf1 d4+ 34. Ke2 Ne4 35. Ng3 Rh2+ 36. Ke1 Nd2 37. Nf1 Nf3+ 38. Kd1 Nxg1 39. Nxh2 Nh3 40. f5 g5 41. Ke2 Nf4+ 42. Kf2 Nxd3+ 43. cxd3 Kf6 44. Ng4+ Kxf5 45. Kg3 Bd5 46. Nf2 Bxb3 47. Ne4 c4 48. Nd6+ Ke6 49. Nxc4 Bxc4 50. dxc4 d3 51. Kf2 g4 52. c5 g3+ 0-1

[Event "Catalunya-ch (Women)"]
[Site "Girona"]
[Date "2009.12.28"]
[Round "3"]
[White "Hernando Rodrigo, Inmaculada"]
[Black "Martin Perez, Laura"]
[Result "1/2-1/2"]
[WhiteElo "2069"]
[BlackElo "1706"]
[PlyCount "87"]
[EventDate "2009.12.27"]
[EventType "swiss"]
[EventRounds "6"]
[EventCountry "ESP"]
[SourceTitle "EXT 2019"]
[Source "ChessBase"]
[SourceDate "2018.10.10"]
[SourceVersion "1"]
[SourceVersionDate "2018.10.10"]
[SourceQuality "1"]

1. e4 c5 2. Nf3 Nc6 3. d4 cxd4 4. Nxd4 g6 5. Nc3 Bg7 6. Be3 Nf6 7. Be2 0-0 8. Qd2 d5 9. exd5 Nxd5 10. Nxd5 Qxd5 11. Bf3 Qc4 12. Nxc6 bxc6 13. Be2 Qd5 14. Qxd5 cxd5 15. 0-0-0 e6 16. Bc5 Rd8 17. Bf3 Ba6 18. Rhe1 Rab8 19. Bd4 Rdc8 20. Bxg7 Kxg7 21. Be2 Bxe2 22. Rxe2 Rb4 23. Rd3 Rcb8 24. Rb3 Kf6 25. Ree3 Ke7 26. Rxb4 Rxb4 27. Ra3 Rb7 28. Kd2 f5 29. b3 e5 30. Ra6 Rc7 31. a4 Kd7 32. a5 Rb7 33. Kd3 Ke7 34. f3 Rc7 35. c4 dxc4+ 36. bxc4 Rd7+ 37. Ke3 Rc7 38. h3 e4 39. fxe4 fxe4 40. Kxe4 Rxc4+ 41. Kd5 Rc7 42. Re6+ Kd7 43. Rd6+ Ke7 44. Re6+ 1/2-1/2

[Event "Catalunya-ch (Women)"]
[Site "Girona"]
[Date "2009.12.27"]
[Round "1"]
[White "Garcia Castany Musellas, Gal La"]
[Black "Hernando Rodrigo, Inmaculada"]
[Result "1-0"]
[WhiteElo "1712"]
[BlackElo "2069"]
[PlyCount "63"]
[EventDate "2009.12.27"]
[EventType "swiss"]
[EventRounds "6"]
[EventCountry "ESP"]
[SourceTitle "EXT 2019"]
[Source "ChessBase"]
[SourceDate "2018.10.10"]
[SourceVersion "1"]
[SourceVersionDate "2018.10.10"]
[SourceQuality "1"]

1. e4 c5 2. Nf3 Nc6 3. d4 cxd4 4. Nxd4 Nf6 5. Nc3 e6 6. Nxc6 bxc6 7. e5 Nd5 8. Ne4 Qc7 9. f4 Qb6 10. c4 Bb4+ 11. Ke2 Ba6 12. Kf3 f5 13. exf6 Nxf6 14. c5 Bxc5 15. Nxc5 Bxf1 16. Na4 Bxg2+ 17. Kxg2 Qb4 18. Nc3 0-0 19. Re1 Rae8 20. Qe2 e5 21. a3 Qb3 22. fxe5 Nd5 23. Nxd5 cxd5 24. Qe3 Qc2+ 25. Qd2 Qc6 26. Qd4 Re6 27. Re3 d6 28. exd6 Rg6+ 29. Rg3 Qc2+ 30. Bd2 Rgf6 31. Rc1 Rf2+ 32. Kg1 1-0

[Event "Llobregat op 1st"]
[Site "Llobregat"]
[Date "2008.01.03"]
[Round "7"]
[White "Barbero Sendic, Alejandro"]
[Black "Hernando Rodrigo, Inmaculada"]
[Result "1/2-1/2"]
[WhiteElo "2138"]
[BlackElo "2089"]
[PlyCount "59"]
[EventDate "2007.12.26"]
[EventType "swiss"]
[EventRounds "9"]
[EventCountry "ESP"]
[SourceTitle "CBM 122 Extra"]
[Source "ChessBase"]
[SourceDate "2008.03.04"]
[SourceVersion "1"]
[SourceVersionDate "2008.03.04"]
[SourceQuality "1"]

1. e4 c5 2. Nf3 Nc6 3. Nc3 e6 4. d4 cxd4 5. Nxd4 Nf6 6. Ndb5 d6 7. Bf4 e5 8. Bg5 a6 9. Na3 b5 10. Nd5 Qa5+ 11. Bd2 Qd8 12. Bg5 Qa5+ 13. c3 Nxe4 14. Be3 Rb8 15. Bd3 Nf6 16. Nxf6+ gxf6 17. Qf3 Bb7 18. Qxf6 Rg8 19. Bxh7 Rxg2 20. Be4 Rg4 21. Bd5 Nd8 22. Bxb7 Rxb7 23. Nc2 b4 24. cxb4 Rgxb4 25. Nxb4 Qxb4+ 26. Ke2 Qg4+ 27. Kf1 Qc4+ 28. Kg2 Qg4+ 29. Kf1 Qc4+ 30. Kg2 1/2-1/2

[Event "Llobregat op 1st"]
[Site "Llobregat"]
[Date "2008.01.02"]
[Round "6"]
[White "Quintana Ortiz, Joaquin"]
[Black "Hernando Rodrigo, Inmaculada"]
[Result "0-1"]
[WhiteElo "1990"]
[BlackElo "2089"]
[PlyCount "84"]
[EventDate "2007.12.26"]
[EventType "swiss"]
[EventRounds "9"]
[EventCountry "ESP"]
[SourceTitle "CBM 122 Extra"]
[Source "ChessBase"]
[SourceDate "2008.03.04"]
[SourceVersion "1"]
[SourceVersionDate "2008.03.04"]
[SourceQuality "1"]

1. d4 Nf6 2. Nf3 e6 3. c4 b6 4. Nc3 Bb7 5. e3 Be7 6. Bd3 0-0 7. e4 d5 8. cxd5 exd5 9. e5 Ne4 10. Qc2 Na6 11. a3 Nxc3 12. Bxh7+ Kh8 13. bxc3 g6 14. Bxg6 fxg6 15. Qxg6 Qe8 16. Qh6+ Kg8 17. Ng5 Bxg5 18. Bxg5 Qc6 19. Qxc6 Bxc6 20. f4 Bd7 21. h3 c5 22. Kd2 cxd4 23. cxd4 Rac8 24. Rac1 Rxc1 25. Rxc1 Rc8 26. Rxc8+ Bxc8 27. Bd8 Kf7 28. g4 Nb8 29. Kc3 Nc6 30. Bh4 Ba6 31. f5 Bf1 32. e6+ Ke8 33. f6 Bxh3 34. e7 Bxg4 35. Bg5 Bh5 36. Bh4 Kd7 37. Kd3 Ke6 38. Ke3 Kf5 39. Kd3 Kg4 40. Be1 Kg5 41. Ke3 Kxf6 42. Bh4+ Ke6 0-1

[Event "Llobregat op 1st"]
[Site "Llobregat"]
[Date "2007.12.29"]
[Round "4"]
[White "Romeo Ros, Joaquin"]
[Black "Hernando Rodrigo, Inmaculada"]
[Result "0-1"]
[WhiteElo "1696"]
[BlackElo "2089"]
[PlyCount "54"]
[EventDate "2007.12.26"]
[EventType "swiss"]
[EventRounds "9"]
[EventCountry "ESP"]
[SourceTitle "CBM 122 Extra"]
[Source "ChessBase"]
[SourceDate "2008.03.04"]
[SourceVersion "1"]
[SourceVersionDate "2008.03.04"]
[SourceQuality "1"]

1. d4 Nf6 2. Nf3 e6 3. Bg5 Be7 4. c4 d5 5. Nc3 0-0 6. e3 c6 7. Bd3 Nbd7 8. c5 Qc7 9. Bf4 Qa5 10. a3 b5 11. b4 Qd8 12. a4 bxa4 13. Rxa4 Nh5 14. Ne5 Nxf4 15. exf4 Nxe5 16. fxe5 f5 17. b5 Bd7 18. 0-0 Qe8 19. Qe2 f4 20. f3 cxb5 21. Bxb5 Bc6 22. Rfa1 Qd7 23. Bxc6 Qxc6 24. Rxa7 Rxa7 25. Rxa7 Bxc5 26. Nb5 Bxa7 27. Nxa7 Qb6 0-1

[Event "Hostafrancs op 5th"]
[Site "Barcelona"]
[Date "2003.08.31"]
[Round "2"]
[White "Munoz Pantoja, Miguel Angel"]
[Black "Hernando Rodrigo, Inmaculada"]
[Result "1-0"]
[WhiteElo "2438"]
[BlackElo "2078"]
[PlyCount "48"]
[EventDate "2003.08.30"]
[EventType "swiss"]
[EventRounds "9"]
[EventCountry "ESP"]
[SourceTitle "EXT 2004"]
[Source "ChessBase"]
[SourceDate "2003.11.25"]
[SourceVersion "1"]
[SourceVersionDate "2003.11.25"]
[SourceQuality "1"]

1. e4 c5 2. g3 Nc6 3. Bg2 e6 4. Ne2 d5 5. exd5 exd5 6. d4 Nf6 7. 0-0 Be7 8. Nbc3 cxd4 9. Nxd4 0-0 10. Bg5 h6 11. Bxf6 Bxf6 12. Nb3 Be6 13. Nxd5 Bxd5 14. Bxd5 Bxb2 15. Rb1 Ba3 16. Qf3 Qc7 17. Nd2 Rad8 18. c4 Bc5 19. Ne4 Bb6 20. c5 Nd4 21. Qh5 Bxc5 22. Nxc5 Qd6 23. Bc4 g6 24. Qg4 h5 1-0